[Event "Vilafranca del Penedes op 13th"]
[Site "Vilafranca del Penedes"]
[Date "2019.06.07"]
[Round "9"]
[White "Pique Ferrer, Jordi"]
[Black "Gual Pascual, Antonio"]
[Result "0-1"]
[WhiteElo "1875"]
[BlackElo "2362"]
[PlyCount "72"]
[EventDate "2019.03.29"]
[EventType "swiss"]
[EventRounds "9"]
[EventCountry "ESP"]
[SourceTitle "EXT 2020"]
[Source "ChessBase"]
[SourceDate "2019.10.17"]
[SourceVersion "1"]
[SourceVersionDate "2019.10.17"]
[SourceQuality "1"]

1. e4 g6 2. d4 Bg7 3. Nc3 d6 4. Be3 a6 5. Be2 b5 6. Bf3 c6 7. h4 h5 8. a3 Nf6 9. Qd3 Qc7 10. Nge2 Nbd7 11. Rd1 Bb7 12. b4 0-0 13. 0-0 Rfe8 14. Ng3 e5 15. dxe5 Nxe5 16. Qxd6 Qxd6 17. Rxd6 Nc4 18. Rd3 a5 19. bxa5 Rxa5 20. Bc1 Nxa3 21. e5 Ng4 22. Nce4 b4 23. Nd6 Ba6 24. Nxe8 Bxd3 25. cxd3 Bxe5 26. Re1 b3 27. Bxg4 hxg4 28. Rxe5 Rxe5 29. Bxa3 Rxe8 30. Ne4 Ra8 31. Bb2 Ra2 32. Bf6 b2 33. Bxb2 Rxb2 34. Nf6+ Kg7 35. Nxg4 f6 36. Kf1 Rd2 0-1